000 00291nam a22001337a 4500
008 170403b xxu||||| |||| 00| 0 eng d
020 _a9780132854467
041 _aeng
080 _24 ED
_a574
100 _a9
101 _aSHM
245 _aENIROMENTAL SCIENCE
_cNEBEL.B.J
942 _2udc
_cBK
999 _c9577
_d9577